[Event "RUS-ch51"]
[Site "St Petersburg"]
[Date "1998.08.07"]
[Round "11"]
[White "Kobalia, Mihail"]
[Black "Korneev, Oleg"]
[Result "1-0"]
[WhiteElo "2505"]
[BlackElo "2600"]
[Annotator "Tsesarsky,I"]
[PlyCount "83"]
[EventDate "1998.07.28"]
[EventType "swiss"]
[EventRounds "11"]
[EventCountry "RUS"]
[SourceTitle "CBM 067"]
[Source "ChessBase"]
[SourceDate "1998.11.30"]
[SourceVersion "2"]
[SourceVersionDate "1998.11.01"]
[SourceQuality "1"]

{[%mdl 8896]} 1. e4 e5 2. Nf3 Nc6 3. Nc3 Nf6 4. Bb5 Nd4 5. Ba4 Bc5 6. Nxe5 O-O
7. Nd3 Bb6 8. e5 Ne8 9. Nd5 d6 10. Ne3 dxe5 (10... Qg5 11. f4 (11. exd6 $5 Nxd6
12. O-O $14 {Nunn,J-Huebner,R/München/1991/1/2-1/2/30/} N4f5 13. Ne1 Nxe3 14.
fxe3 Bg4 15. Nf3 Qh5 16. Qe1 $16) 11... Qg6 12. O-O f6 13. Kh1 (13. exd6 Nxd6
14. Nf2 N4f5 15. Nd5 Kh8 $1 (15... Ne4 16. d4 $1 (16. Nxb6 $2 Nh4 $1) 16...
Bxd4 17. Qxd4 Nxd4 18. Ne7+ Kf7 19. Nxg6) 16. Nxb6 axb6 17. Bb3 $132 (17. c3 $2
Rxa4 $1 18. Qxa4 Nh4 19. g3 Nf3+ 20. Kg2 Nh4+ 21. Kg1 Nf3+ 22. Kg2 Be6 $1 23.
d3 (23. Kxf3 Bd5+ 24. Ke2 Re8+ $19) (23. Nh1 Bd5 24. Rxf3 Nf5 25. Qd7 (25. Nf2
Nh4+ $19 {0-1 Short,N-Timman,J/Linares 1992/CBM 28/ (28)}) 25... Nh4+ 26. Kf2
Bxf3 27. Qh3 (27. f5 Qg4 28. Qe7 Ra8 29. Qe3 Bc6 $19) (27. gxh4 Qg2+ 28. Ke3
Qe2+ 29. Kd4 Qe4#) 27... Re8 28. Qf1 Re2+ 29. Qxe2 Bxe2 30. gxh4 Qg4 31. Ng3
Qf3+ $19))) 13... c6 14. b4 $1 $14) (10... c5 $5 11. O-O $5 $14) (10... Qh4 11.
O-O Be6 12. Re1 $14) (10... Qe7 $5 11. exd6 Nxd6 12. O-O c6 13. c3 N4f5 14. Ne1
(14. Qh5 $14) 14... Ne4 15. d4 (15. Bc2 Re8 16. d4 Bc7 17. Nf3 $16 (17. Nd3 Qh4
18. Ne5 (18. h3 $5 $14) 18... Bxe5 19. dxe5 Rxe5 {Nikolenko,O-Makarichev,S/
URS-ch58/1991/1/2-1/2/52/ -> CBM 27} 20. Qf3 $11)) 15... Re8 16. Bc2 $16) (
10... c6 $5 11. O-O (11. c3 Nf5 12. O-O Bc7 13. f4 dxe5 14. Nxe5 Nxe3 15. dxe3
$14) 11... Bc7 12. c3 Ne6 13. f4 dxe5 14. Nxe5 Nxf4 15. d4 Bxe5 $5 (15... Ng6
$5 16. Nxg6 hxg6 17. Ng4 $11) 16. dxe5 Qxd1 17. Bxd1 Nd3 18. Nc4 b6 $5 $11 (
18... Be6 19. Na5 $1 $14 {Short,N-Speelman,J (09)/London cm 45'-1/1991/1/2-1/2/
46/})) 11. Nxe5 Qg5 12. N5c4 $1 (12. Nf3 $2 Nxf3+ 13. Qxf3 Bxe3 $1 14. Bxe8 (
14. dxe3 $4 Qa5+ $19) (14. fxe3 $4 Qh4+ $19) (14. Qxe3 Qxg2 $19) 14... Bxf2+
$17) (12. Nd7 $6 Bxd7 13. Bxd7 f5 14. c3 f4 15. cxd4 fxe3 16. dxe3 Qxg2 $132 {
Franzoni,G-Godena,M/Manila ol/1992/}) (12. Nd3 $6 Bf5 $1 13. O-O (13. Nxf5 Qxg2
$19 {->}) 13... Bxd3 14. cxd3 Nd6 15. b4 Qg6 16. Bc2 c6 17. Bb2 $11 {Sokolov,
I-Chandler,M/Brussels rapid/1992/ (22)}) (12. Bxe8 $2 Rxe8 13. Nf3 (13. f4 Qxf4
14. Nd3 Qg4 $19) 13... Qxg2 $19) 12... f5 (12... Nf6 13. c3 Nf5 14. d4 Be6 15.
O-O Qh4 16. Nxf5 (16. Ne5 $5 Rad8 17. Nxf5 (17. Qf3 Nxd4 18. cxd4 Qxd4 $132 {
1-0 Tochor Jiri-Skacel Jan/Czech League b 1995 (37)}) 17... Bxf5 18. Qf3 $16)
16... Bxf5 17. Qf3 $18) 13. f4 $5 (13. c3 f4 14. cxd4 fxe3 15. Nxe3 (15. dxe3
Qxg2 16. Rf1 Bh3 $15) 15... Bxd4 16. O-O Nd6 17. d3 $14) 13... Qxf4 (13... Qh4+
14. g3 Qh3 15. c3 g5 16. Nxb6 gxf4 17. Nxa8 $18) 14. c3 Ne6 (14... Nc6 15. Nxb6
axb6 16. d4 Nd6 17. g3 Qe4 18. O-O $16) (14... Qh4+ $5 15. g3 Qh3 (15... Qe4
16. O-O Nc6 (16... f4 17. cxd4 fxe3 18. Rxf8+ Kxf8 19. dxe3 Be6 20. Bc2 Qd5 21.
Nxb6 axb6 22. e4 Qd7 23. d5 Bg4 24. Qd4 Bf3 25. Bf4 Nf6 26. Rf1 Qg4 27. Qf2 Be2
28. h3 Qh5 29. g4 {1-0 Nouro,M-Furhoff,J/26th Rilton Cup, Stockholm SWE 1997 
(29)}) 17. d4 $16) 16. cxd4 $1 (16. Nxb6 f4 $1 {/\ fe3, Qg2-+}) 16... f4 $1 17.
gxf4 $1 (17. Rf1 fxe3 18. Rxf8+ Kxf8 19. Qf3+ Nf6 20. dxe3 Qxh2 21. Qf2 (21.
Ne5 Be6 22. Bb3 Re8 23. Kd1 c6 24. Bd2 Kg8 25. Bxe6+ Rxe6 26. Kc2 Ba5 27. Rd1
Bxd2 28. Rxd2 Qh3 29. a3 Re8 30. Rf2 Qe6 31. Kb1 Qd5 32. Qf4 Qe4+ 33. Kc1 c5
34. Ng4 Qxf4 35. Rxf4 Nxg4 36. Rxg4 Rxe3 37. dxc5 h6 38. Kc2 Kf7 39. Rb4 Re7
40. Rf4+ Ke8 41. Kd3 Kd7 42. b4 g5 43. Rd4+ Kc7 44. g4 Re1 45. Kc4 Ra1 {
1/2-1/2 Smagin,S-Perovic,D/JUG-chT2 1994/EXT 94ch (45)}) 21... Qxf2+ 22. Kxf2
Be6 23. Nxb6 axb6 24. Bc2 Bd5 25. Bd2 Re8 26. a4 Re6 27. a5 b5 28. Rf1 Ke8 29.
Kg1 b4 30. Bxb4 Rxe3 31. Re1 Rxe1+ 32. Bxe1 Kd7 33. Kf2 Ke6 34. Ke3 g5 35. Bd3
c6 36. b4 h6 37. b5 cxb5 38. Bxb5 Kf5 39. a6 bxa6 40. Bxa6 Ng4+ {1/2-1/2
Gallagher,J-Degraeve,J/EuT-ch, Pula CRO 1997 (40)}) 17... Bxd4 $1 $13) 15. d4
Qh4+ (15... c6 16. g3 Qe4 $6 17. Rf1 Ng5 $2 18. Ne5 $1 f4 19. Bc2 $18 {Bosch,
J-Ciolac,G/Leukerbad op/1992/}) 16. g3 Qd8 (16... Qh3 17. Bb3 (17. Nxb6 axb6
18. Bb5 f4 (18... Ng5 19. Bf1 Qh6 20. Bc4+ $14) 19. Bf1 Qh6 20. Nd5 $13) 17...
Nf6 (17... f4 18. Qg4 Qxg4 19. Nxg4 $16) (17... Kh8 18. Nxb6 axb6 19. Bd5 $1
$16 {Nunn,J-Nikolic,P/Wijk op/1993/ (22)}) 18. Qf3 $14 {/\} f4 $2 19. Nxb6 axb6
20. Qxf4 $1 $16) 17. Ng2 (17. O-O f4 18. gxf4 (18. Ng2 fxg3 19. hxg3 (19. Rxf8+
Nxf8 20. hxg3 Be6 21. Bb3 Nd6 22. Nxb6 axb6 23. Bf4 (23. d5 Bf7 24. Qg4 Qf6 25.
Bg5 Qg6 $132 {0-1 Sieiro Gonzalez,L-Perez,L/Guillermo Garcia mem Masters,
Villa Cla 1998 (50)}) 23... Qd7 24. Bxe6+ Qxe6 25. d5 Qf6 26. Qg4 Ng6 $11 {
0-1 Vehi Bach,V-Timmermans,I/Open, Groningen NED 1997 (38)}) 19... Rxf1+ 20.
Qxf1 Nd6 21. Bb3 Kh8 22. Nxb6 axb6 23. Bf4 Nxf4 24. Qxf4 $132 {1/2-1/2
Istratescu,A-Frendzas,P/Peristeri 1994/CBM 46 (34)}) 18... Nxf4 19. Ne5 Nd6
$132 {1/2-1/2 Shirov,A-Short,N/Novgorod 1994/CBM 43/[Hansen,LB] (51)} (19...
Nh3+ 20. Kg2 Nf4+ (20... Qg5+ $2 21. N3g4 $18) 21. Kh1 Be6 $132) (19... Bh3 $2
20. Bb3+ Kh8 21. Rxf4 $1 $18)) 17... f4 $1 18. Bxf4 (18. Nxb6 axb6 19. Nxf4
Nxf4 20. Bxf4 Rxf4 21. gxf4 (21. Bb3+ Rf7 22. Bxf7+ Kxf7 23. O-O+ Nf6 $15)
21... Qh4+ 22. Kf1 (22. Kd2 Qxf4+ 23. Ke1 (23. Kc2 Rxa4 $19) 23... Qe3+ 24. Qe2
Qxe2+ 25. Kxe2 Rxa4 $19) 22... Qxf4+ $11 (22... Bh3+ 23. Kg1 Qxf4 24. Bb3+ Kh8
25. Qd3 $18)) 18... Nxf4 19. Nxf4 Rxf4 $1 $14 20. gxf4 Qh4+ 21. Kd2 Qxf4+ 22.
Ne3 (22. Kc2 Bf5+ 23. Kb3 Nd6 24. Nxd6 Qxd6 25. Qf3 Rf8 $17) 22... Nd6 23. Bb3+
(23. Qb3+ Kh8 24. Raf1 (24. Rae1 Ne4+ 25. Kc2 Qf2+ 26. Kc1 Qd2+ 27. Kb1 Qxe1+
28. Rxe1 Nd2+ 29. Kc2 Nxb3 30. Bxb3 Bd7 $11) 24... Ne4+ 25. Kd3 (25. Ke2 Bg4+
26. Nxg4 Qxg4+ 27. Ke3 Nf6 28. Rhg1 Qh3+ 29. Rf3 Ng4+ 30. Rxg4 Qxg4 31. Qf7
Qg5+ 32. Ke2 Qd8 $11) 25... Nf2+ 26. Ke2 (26. Rxf2 Qxf2 27. Rf1 Bf5+ $19) 26...
Bg4+ 27. Nxg4 Qxg4+ 28. Kxf2 Rf8+ 29. Ke1 Qe4+ 30. Kd2 Qg2+ 31. Kc1 Rxf1+ 32.
Rxf1 Qxf1+ 33. Qd1 $11) 23... Kh8 24. Qf1 (24. Qe2 Bh3 (24... Ne4+ 25. Kc1 (25.
Kc2 Bf5 26. Nxf5 (26. Kc1 Bh3 27. Re1 $18) 26... Qxf5 27. Bc4 $1 $18) 25... Bh3
26. Re1 $18) 25. Rae1 (25. Kd1 Re8 26. Re1 Bxd4 $1 (26... Ne4 27. Kc1 Nf6 28.
Qd2 c5 29. dxc5 Bxc5 30. Nd1 Qxd2+ 31. Kxd2 Rd8+ 32. Kc2 Bf5+ 33. Kc1 Bd6 34.
Bc2 Bf4+ 35. Kb1 Ne4 36. b3 g5 $16) (26... Nf5 $2 27. Nd5 $1 $18) 27. cxd4 Nf5
28. Qd2 Rxe3 (28... Nxe3+ 29. Kc1 c6 $44) 29. Rxe3 Nxe3+ 30. Ke2 (30. Kc1 Qf1+
31. Bd1 Bg4 $19) 30... Bg4+ (30... Qxh2+ 31. Kxe3 Qg3+ 32. Ke2 Bg4+ 33. Kf1
Bh3+ 34. Ke2 Bg4+ $11) 31. Kd3 Qf5+ 32. Kc3 Qa5+ 33. Kd3 Qf5+ $11) 25... c5 26.
dxc5 Bxc5 27. Kd1 Ne4 $44) 24... Ne4+ 25. Ke2 Bg4+ 26. Nxg4 Qd2+ (26... Qxg4+
27. Qf3 $18) 27. Kf3 Ng5+ (27... Nd6 28. Rd1 (28. Kg3 Ne4+ 29. Kh3 h5 30. Rg1
$14 {this game}) 28... Rf8+ 29. Kg3 Ne4+ 30. Kh3 $18) 28. Kg3 Ne4+ 29. Kh3 h5
30. Rg1 (30. Qf5 $6 hxg4+ 31. Kh4 Qh6+ (31... Nf6 $2 32. h3 g5+ 33. Kg3 (33.
Qxg5 Qf2#) 33... Qe3+ 34. Kg2 Qe2+ 35. Kg1 Qe3+ 36. Qf2 $18) 32. Kxg4 Re8 33.
Rae1 (33. Bd5 g6 34. Qxe4 Rxe4+ 35. Bxe4 Qh5+ 36. Kf4 Qh6+ $11) (33. Raf1 g6
34. Qd5 c6 $19) 33... g6 34. Qxe4 (34. Qf4 Qh5#) 34... Rxe4+ 35. Rxe4 Qd2 36.
Rg1 Qf2 37. Ree1 c5 38. Ref1 Qe2+ 39. Kh3 Qd3+ $11) 30... hxg4+ 31. Rxg4 Ng5+
$4 $18 (31... Nf2+ 32. Qxf2 Qxf2 33. Rh4+ Qxh4+ 34. Kxh4 Re8 $14) 32. Kh4 $1 (
32. Rxg5 Qxg5 33. Re1 $16) 32... Qxh2+ 33. Kxg5 Qh6+ 34. Kf5 Rf8+ 35. Ke4 Qh7+
(35... Rxf1 36. Rxf1 Kh7 (36... Qh7+ 37. Ke3 Qh3+ 38. Kd2 $18) 37. Bf7 (37. Rf7
$2 Qh1+ $16) 37... Qh2 38. Rff4 Qe2+ 39. Kf5 Qb5+ 40. d5 Qd7+ 41. Be6 $18) 36.
Ke3 Rxf1 37. Rxf1 Qh3+ 38. Kd2 g5 (38... Qxg4 39. Rh1+ $18) (38... g6 39. Rgf4
$18) 39. Rgg1 Kg7 (39... Qh2+ 40. Kc1 $18) 40. Rxg5+ Kh6 41. Rgg1 Qh2+ 42. Kc1
1-0

[Event "EU-chT (Men) 11th"]
[Site "Pula"]
[Date "1997.05.??"]
[Round "2.2"]
[White "Gallagher, Joseph G"]
[Black "Mitkov, Nikola"]
[Result "1-0"]
[WhiteElo "2545"]
[BlackElo "2475"]
[Annotator "Tsesarsky,I"]
[PlyCount "103"]
[EventDate "1997.05.05"]
[EventType "team-swiss"]
[EventRounds "9"]
[EventCountry "CRO"]
[SourceTitle "CBM 057 Extra"]
[Source "ChessBase"]
[SourceDate "1997.05.01"]
[SourceVersion "1"]
[SourceVersionDate "1997.05.01"]
[SourceQuality "1"]
[WhiteTeam "Switzerland"]
[BlackTeam "Macedonia"]
[WhiteTeamCountry "SUI"]
[BlackTeamCountry "MKD"]

1. e4 e5 2. Nf3 Nc6 3. Nc3 Nf6 4. Bb5 Nd4 5. Ba4 c6 6. O-O (6. Nxe5 d5 7. O-O
Bd6 $44) 6... Qa5 (6... b5 7. Bb3 a5 (7... Nxb3 8. axb3 d6 9. d4 Qc7 10. Bg5
$36 {Nunn,J-Emms,JM/London Lloyds Bank/1993/}) 8. Nxe5 Qe7 9. Nd3 a4 10. e5
axb3 11. exf6 Qxf6 12. cxb3 Be7 $44) (6... b5 {- 58/347}) 7. d3 (7. Bb3 Nxb3 8.
cxb3 d6 9. d4 (9. h3 Be7 10. d4 O-O 11. Bg5 Be6 12. Qd2 Kh8 13. Rad1 Rad8 14.
d5 Bc8 15. a3 $11 {1/2-1/2 Meier,V-Wernert,W/BL2-O 1996 (22)}) 9... Bg4 10. Be3
Be7 11. h3 Bh5 12. Qe2 O-O 13. g4 Bg6 14. Nh4 Rfe8 15. dxe5 dxe5 16. a3 Nd7 17.
Nf5 Qc7 {1/2-1/2 Ionov,S-Khalifman,A/Sevilla op 1993}) (7. a3 $146 Be7 $1 8. b4
Qc7 9. Bb2 O-O 10. Nxd4 exd4 11. Ne2 Nxe4 12. Nxd4 d5 13. d3 Nd6 14. Nf3 Bg4
15. h3 Bxf3 16. Qxf3 Rfe8 {1/2-1/2 Shirov,A-Piket,J/Aruba (m/2) 1995 (20)} (
16... Qd8 $1 {/\ Bf6})) (7. Re1 d6 (7... Bb4 8. Nxd4 exd4 9. e5 Ng8 10. Qg4
dxc3 11. Qxg7 cxd2 12. Bxd2 Bxd2 13. Qxh8 Bxe1 14. Qxg8+ Ke7 15. Qg5+ $11 {
1/2-1/2 Riemersma,L-Gausel,E/Gausdal/1993/ (20)}) 8. h3 (8. Nxd4 $5 exd4 9. Nd5
Nd7 $1 (9... Qxa4 $6 10. Nc7+ Kd8 11. b3 $1 Qa5 12. Nxa8) 10. b4 $8 Qxa4 11.
Nc7+ Kd8 12. Nxa8 b6 $5 $13 {Smagin,S-Malaniuk,V/Tilburg 1993/0-1 (48)} (12...
a5 $6 13. c4 $1 Qxd1 14. Rxd1 axb4 15. d3 $1 b6 16. a3 b3 17. Rb1 Bb7 18. Nxb6
Nxb6 19. Rxb3 Kc7 20. Bb2 c5 21. Rb1 $16) (12... b5 13. Rb1 Qa6 {>=})) 8... Be7
(8... b5 $1 9. b4 (9. Bb3 Nxb3 10. cxb3 b4 $17) 9... Qxb4 10. Rb1 Nxf3+ 11.
Qxf3 Qd4 $17 {0-1 Hernandez,G-Miles,A/Capablanca mem-A 1994 (28)}) 9. a3 O-O
10. b4 Qc7 11. Bb2 a5 12. Nxd4 exd4 13. Ne2 axb4 14. axb4 b5 15. Bb3 Rxa1 16.
Bxa1 c5 17. d3 Be6 18. c3 dxc3 19. Nxc3 Rb8 20. bxc5 (20. Bxe6 fxe6 21. bxc5
dxc5 $11) 20... dxc5 21. e5 Nd7 $11 {1/2-1/2 Shirov,A-Piket,J/Aruba m 1995 (45)
}) 7... Bb4 (7... d6 8. h3 b5 9. Bb3 Nxb3 10. cxb3 b4 11. Nb1 Ba6 12. Qc2 c5
$11 {0-1 Hartikainen,M-Koskinen,H/FIN t-ch 1995 (30)}) 8. Bb3 Nxb3 9. cxb3 Be7
$11 (9... O-O 10. Bg5 Ne8 (10... Be7 $11) 11. d4 d5 $6 (11... exd4 12. Qxd4 h6
13. Bh4 Nc7 14. a3 Bxc3 15. bxc3 (15. Qxc3 Qh5 16. Bg3 Nb5 (16... Ne6 17. Rad1
Re8 (17... d5 18. exd5 cxd5 19. Rfe1 $14) 18. b4 a5 $11) 17. Qd3 f5 18. e5 (18.
exf5 d6 (18... Qxf5 19. Qxf5 Rxf5 20. a4 Rxf3 21. gxf3 Nd4 22. Rad1 Nxf3+ (
22... Nxb3 23. Bd6 $18) 23. Kg2 Ng5 24. Bd6 Nf7 25. Rfe1 Nxd6 26. Rxd6 Kf7 $16)
19. a4 Bxf5 (19... Nc7 20. Bxd6 Rd8 21. f6 $16) 20. Qc4+ d5 21. Qc5 $18) 18...
f4 19. Bh4 g5 $17) 15... Nb5 $11) 12. dxe5 (12. exd5 cxd5 13. dxe5 $14) 12...
Bxc3 13. bxc3 dxe4 14. b4 Qd5 15. Qxd5 cxd5 16. Nd4 $14 {Couso Luis-Blomstrom
Lars/Ch Sweden master's g 1995/1-0 (48)}) 10. Bd2 Qc7 (10... d6 11. Nd5 (11. d4
Bg4 $11) 11... Qd8 12. Nxe7 Qxe7 $11) 11. Rc1 O-O (11... d6 $11) 12. h3 d6 13.
d4 Re8 (13... exd4 14. Nxd4 Re8 15. Re1 Qa5 16. Nd5 Qd8 17. Nxe7+ Qxe7 18. Bg5
h6 19. Bh4 $11) 14. Re1 Bf8 15. Bg5 (15. d5 Be7 16. Bg5 Qd8 17. Qd2 h6 (17...
Nh5 18. Be3 Nf6 $11) 18. Be3 Bd7 $15) 15... Nd7 (15... exd4 16. Nxd4 Nd7 17. b4
Ne5 18. f4 h6 19. fxe5 $2 (19. Bxh6 $1 gxh6 20. fxe5 dxe5 21. Nf5 Re6 $132 (
21... Bxf5 $2 22. exf5 Qb6+ 23. Kh1 Bxb4 (23... Qxb4 24. Ne4 Rad8 25. Qg4+ Kh8
26. Re3 Qxb2 27. Rg3 Qxc1+ 28. Kh2 $18) 24. Qg4+ Kh8 25. Qh5 Bf8 26. Ne4 Re7
27. f6 Rd7 28. Ng5 Kg8 {[%tqu "En","?","","","g5h7","",10]} 29. Nh7 $1 Kxh7 (
29... Rd2 30. Nxf8 Qf2 31. Qg4+ Kxf8 32. Qg7+ Ke8 33. Rxe5+ Kd8 34. Re7 $18)
30. Qf5+ Kg8 31. Qg4+ Kh8 32. Qxd7 $16)) 19... hxg5 20. Ncb5 Qb8 21. Nxd6 Bxd6
22. exd6 Qxd6 $15) 16. Qd2 Qa5 (16... exd4 17. Nxd4 Nc5 18. b4 Ne6 19. Be3 Nxd4
20. Bxd4 a6 $11) 17. a3 Qb6 18. b4 a5 (18... exd4 19. Nxd4 Ne5 20. b3 a6 21.
Be3 Qd8 $11) 19. b5 a4 (19... exd4 20. Nxd4 Nc5 21. Be3 a4 $11) 20. Be3 Qa5 (
20... exd4 21. Nxd4 Nc5 $11 (21... c5 22. Nf3 Nf6 23. Bg5 $14)) 21. Qc2 exd4 $6
(21... cxb5 22. Nd5 Ra6 23. Bd2 Qd8 24. Nb4 Ra8 25. Nd5 Ra6 26. Nb4 $11) 22.
Nxd4 c5 23. b4 $2 $17 (23. Nf3 Nb6 $11 (23... b6 24. Nd2 $14)) 23... axb3 24.
Nxb3 Qd8 (24... Qxa3 25. Ra1 $18) 25. a4 Nb6 (25... b6 26. Red1 Bb7 27. f3 Qe7
28. a5 bxa5 29. Ra1 Qd8 30. Ra4 Qc7 31. Bf2 (31. Rda1 d5 32. Bf2 d4 33. Ne2 Bd6
34. Nxa5 Bc8 35. Nc4 Rxa4 36. Rxa4 Nb6 37. Nxd6 Qxd6 $15) 31... Nb6 32. Rxa5 c4
33. Ne2 d5 34. Rxa8 Rxa8 35. Nd2 Bc5 $15) 26. a5 Nc4 27. Rcd1 Bd7 $1 28. Bf4
Re6 $2 (28... Nxa5 $1 29. Nxa5 (29. Bxd6 Nxb3 30. Qxb3 {[%tqu "En","?","","",
"d7h3","",10]} Bxh3 $3 31. Bxf8 Qg5 32. g3 Rxf8 $19)) 29. Bg3 $6 (29. e5 $1
Nxe5 30. Bxe5 Qe8 31. Nd5 Rxe5 32. Qc3 Rxe1+ 33. Rxe1 Qd8 34. Nb6 Ra7 35. Nxd7
(35. Nxc5 Bxb5 $17) 35... Qxd7 36. Qd3 d5 37. Re5 c4 38. Rxd5 Qxb5 $1 39. Rxb5
cxd3 40. Rd5 Ra6 41. Rxd3 Rd6 $15) 29... Nxa5 30. f4 $1 Rg6 (30... Nxb3 $6 31.
Qxb3 Be7 $6 32. f5 Rh6 33. Bf4 $44) 31. Kh2 $8 Be7 32. Nd5 (32. Ra1 Bh4 33.
Bxh4 Qxh4 34. f5 Rg5 $17) 32... Bh4 33. Bxh4 Qxh4 34. f5 Qg3+ $2 (34... Rg5 $1
35. Ra1 $1 (35. Nb6 Nxb3 36. Nxa8 Qg3+ 37. Kh1 Nd4 $19) (35. Re3 Bxb5 $19) (35.
Nxc5 Qg3+ (35... dxc5 36. Nb6 Rd8 37. Qc3 Qf2 38. Qf3 Qxf3 39. gxf3 Nb3 40. f4
Rh5 41. Nxd7 $14) 36. Kh1 dxc5 (36... Bxb5 37. Re3 Qh4 38. Nc7 Rc8 39. Nxb5
dxc5 40. Qxc5 Nc6 $14) 37. Nb6 Nb3 $1 (37... Rd8 38. Rg1 Qc7 39. Nd5 Qe5 40.
Qd2 Rh5 41. Qxa5 Re8 42. Rge1 $11) 38. Nxa8 Nd4 39. Qa2 Nf3 $1 $19) 35... Bxb5
36. Re3 b6 $17) 35. Kh1 $11 Rh6 (35... Nxb3 $2 36. fxg6 Nd4 37. gxf7+ Kxf7 38.
Qc3 $14) 36. Ra1 $8 Re8 $4 (36... c4 $1 37. Nxa5 Rxa5 38. Qxc4 Rxh3+ 39. gxh3 (
39. Kg1 Rh2 40. Nf4 Qh4 41. Nh3 Rxh3 42. gxh3 Qg3+ 43. Kh1 (43. Kf1 Qxh3+ (
43... Bxb5 44. Qxb5 Qf3+ $11) 44. Ke2 (44. Kg1 Qg3+ 45. Kf1 Ra3 (45... Qxe1+
46. Kxe1 Rxa1+ 47. Kf2 h5 48. Qd5 b6 49. Qxd6 Bxb5 50. Qxb6 $11) 46. Rxa3 Qxa3
47. Kf2 g6 $132)) 43... Qxh3+ $11) 39... Qxh3+ $11) 37. Re3 $18 Qg5 38. Rxa5
Rh4 39. Qf2 (39. Qe2 $18) 39... Rhxe4 40. Rxe4 Rxe4 41. Ra8+ Re8 42. Rxe8+ Bxe8
43. Qe2 Qd8 (43... Bd7 44. Nb6 $18 (44. g4 $18) 44... Qxf5 45. Qe7 Qe6 46. Qxe6
Bxe6 47. Na5 d5 48. Nxb7 c4 49. Nc5 c3 50. Nd3 Bf5 51. Nc1 d4 52. Na4 d3 53.
Nxc3 d2 54. Nb3 d1=Q+ 55. Nxd1 Bc2 56. b6 $18) 44. b6 h6 (44... Bd7 45. Na5 Qa8
46. Qe7 $18) 45. Na5 Bd7 46. Nxb7 Qa8 47. Qe4 Kh8 48. Nxd6 Bc6 49. b7 Bxb7 50.
Nxb7 Qxb7 51. Qe8+ Kh7 52. Ne7 1-0

[Event "Hoogeveen Essent Crown"]
[Site "Hoogeveen"]
[Date "2002.10.13"]
[Round "1"]
[White "Acs, Peter"]
[Black "Khalifman, Alexander"]
[Result "0-1"]
[WhiteElo "2591"]
[BlackElo "2690"]
[Annotator "Tsesarsky,I"]
[PlyCount "62"]
[EventDate "2002.10.13"]
[EventType "tourn"]
[EventRounds "6"]
[EventCountry "NED"]
[EventCategory "17"]
[SourceTitle "CBM 092"]
[Source "ChessBase"]
[SourceDate "2003.02.06"]
[SourceVersion "1"]
[SourceVersionDate "2003.02.06"]
[SourceQuality "1"]

1. e4 e5 2. Nf3 Nc6 3. Nc3 Nf6 4. Bb5 Nd4 5. Ba4 Bc5 6. Nxe5 O-O 7. Nd3 Bb6 8.
e5 Ne8 9. Nd5 d6 10. Ne3 c5 (10... dxe5 {-another mainline.}) (10... f5 {
-see commented game  1-0 Alavkin,A-Diu,V/Krasnodar 2002/CBM 91_01 [Tsesarsky,I]
(29)}) 11. c3 Nf5 12. exd6 (12. Bc2 Nxe3 13. dxe3 c4 14. Nf4 dxe5 15. Nd5 Nf6
16. Nxb6 Qxb6 17. e4 Bg4 18. f3 Be6 $132 {1-0 Nikolenko,O-Pinkas,K/Katowice
1995/EXT 2000 (59)}) (12. O-O Nxe3 13. dxe3 c4 14. Nb4 dxe5 15. Qh5 f5 16. Rd1
Nf6 17. Rxd8 Nxh5 18. Rd5 e4 19. Bb5 a6 20. Bxc4 Be6 21. Be2 $1 $16 (21. b3 a5
22. Rxa5 Bxa5 23. Bxe6+ Kh8 $13 {1/2-1/2 Shirov,A-Lautier,J/Monte Carlo 1995/
CBM 46 ext (28)})) ({In couple of games played with} 12. Bb3 {so far White got
an advantage:} dxe5 $5 {probably the best.} (12... Qh4 13. Qf3 Nxe3 14. dxe3
Bc7 15. e4 dxe5 16. Nxc5 $16 {0-1 Sammalvuo,T-Norri,J/Helsinki 1996/EXT 98 (33)
}) (12... Nxe3 13. dxe3 Qg5 (13... dxe5 14. e4 Qc7 15. Bc4 Nd6 16. Bd5 Be6 $132
{0-1 Koch,J-Stefansson,H/Bischwiller 1999/EXT 2001 (50)}) 14. O-O dxe5 15. e4
Qe7 16. Qh5 Nf6 (16... Bc7 17. Bg5 Nf6 18. Rad1 b6 19. Bd5 Rb8 20. f4 Nxh5 21.
Bxe7 Re8 22. Bd6 $1 Bxd6 23. fxe5 {[%csl Rd6,Rf7]} Be6 24. exd6 Bxd5 25. exd5
Nf6 26. Rde1 $16) 17. Qxe5 (17. Bg5 $14) 17... Qxe5 18. Nxe5 Nxe4 19. Be3 Bf5
20. Rad1 Nf6 21. Nc4 Be4 22. Bf4 $14 {[%csl Rb6] 1/2-1/2 Kulish,I-Nikolin,Z/
Kishinev 1995/EXT 97 (55)}) 13. Nxe5 Ned6 14. O-O Re8 15. N5c4 Bc7 16. d3 b5
17. Nd2 Bb7 (17... Nxe3 18. fxe3 Qe7 19. Bd5 Bb7 20. Bxb7 Nxb7 21. e4 Rad8 22.
Qf3 Rd7 23. a4 b4 24. Nc4 Red8 25. Rd1 $14) 18. Nd5 Bb8 19. Nf4 $44) 12... Qxd6
13. Bc2 Nf6 14. O-O Bc7 {[%csl Rg1,Rh2][%cal Gc7h2] Black sacrificed P but got
full compensation: How White will develop his queenside?} 15. g3 b5 {[%cal
Gc8b7] Strong novelty!} (15... Qc6 $143 $6 16. Nb4 $5 (16. Nxf5 $143 $6 Bxf5
17. Nb4 Qd7 $1 18. Bxf5 Qxf5 19. Nc2 Rad8 20. d4 Rfe8 21. b4 cxb4 22. Nxb4 Ne4
23. Bd2 h5 24. f3 Nxd2 25. Qxd2 h4 26. g4 Bf4 27. Qb2 Qg6 28. Rae1 Rxe1 29.
Rxe1 a5 $17 {0-1 Yudasin,L-Nielsen,P/Kemerovo 1995/CBM 50 (41)}) 16... Nxe3 $5
(16... cxb4 17. Nxf5 Re8 18. cxb4 b5 19. d4 Bb7 20. f3 g6 21. Nh6+ Kg7 22. Bb3
Nd5 23. Ng4 $14) 17. Nxc6 Nxd1 18. Ne7+ Kh8 19. Nxc8 (19. Rxd1 Bg4 20. Re1 Rae8
$15 {[%csl Re7][%cal Ge8e1]}) 19... Nxb2 20. Nxa7 Rxa7 21. Bxb2 $14) 16. Nf4 ({
Interesting was} 16. Qf3 {[%csl Ra8,Rf5]} Nxe3 $8 17. fxe3 Bh3 (17... Bg4 18.
Qg2 Rad8 19. a4 a6 $44) 18. Re1 Bg4 19. Qf4 Qe7 20. Qf1 Rfe8 $44) 16... Nh4 $1
17. d4 (17. Nh5 Bb7 {[%csl Rf3,Rg1][%cal Gh4f3]} 18. Nxf6+ Qxf6 19. f4 Qc6 20.
gxh4 Qh1+ 21. Kf2 Qxh2+ 22. Ke1 Qxh4+ 23. Rf2 Rfe8 (23... Bxf4 24. Qg4 Qxg4 25.
Nxg4 Bg3 26. d4 cxd4 27. cxd4 Rfe8+ 28. Kf1 Bxf2 29. Kxf2 Rad8 $13) 24. Bf5 {
[%cal Gd1g4]} h5 {preventing Qd1-g4} 25. Qe2 ({Wrong is} 25. Bd7 Re7 26. Bxb5
Bxf4 27. Qa4 Bf3 $19 {[%csl Re1][%cal Gh4h1,Gf4g3]}) 25... Bxf4 $17 {[%cal
Gf4g3]}) 17... Bb7 18. d5 (18. f3 cxd4 19. cxd4 Rfe8 20. Nfg2 Nxg2 21. Kxg2 $44
) 18... Rad8 19. a4 Qd7 {[%csl Rf4,Rg1][%cal Gc7f4,Gd7h3]} 20. gxh4 $1 (20. Nh5
Nxd5 21. Qd3 {[%csl Rh7][%cal Gc2h7]} (21. Nxd5 Bxd5 22. f4 Qh3 $19) 21... Nf3+
22. Kh1 (22. Kg2 Ne1+ 23. Rxe1 Nf4+ $19 {[%csl Rd3,Rg2][%cal Gf4d3]}) 22... Ng5
$19 {[%csl Rh1][%cal Gb7h1]}) (20. axb5 Bxf4 21. c4 Qh3 $19) 20... Bxf4 21. Qf3
({Approximately equal game after} 21. Nf5 Qc7 (21... Bxc1 22. Qxc1 Nxd5 23.
axb5 g6 $132) 22. Bxf4 Qxf4 23. Qd3 Bxd5 (23... b4 24. c4 g6 25. Qg3 Qxc4 26.
Bd3 Qb3 27. Nh6+ Kg7 (27... Kh8 28. Qe5 $18) 28. Nf5+ $11) 24. Qg3 Nh5 25. Qxf4
Nxf4 26. Ne7+ Kh8 27. Nxd5 Rxd5 28. axb5 Rd2 $132) 21... Qc7 22. Rd1 $2 $17 {
[%csl Gd5][%cal Gd1d5] White wishes to protect Pd5, but this plan is wrong.} ({
Much better was} 22. axb5 $1 {and White keeps equal game:} Bxh2+ (22... Nxd5 $2
23. Rxa7 Bxh2+ 24. Kh1 $18) (22... Rxd5 $5 23. Ng4 Rg5 $5 (23... Bxc1 24. Nxf6+
gxf6 25. Be4 Bxb2 26. Bxd5 Bxa1 27. Rxa1 Bxd5 28. Qxd5 Kh8 $132) 24. Bxf4 Qb6
25. hxg5 Bxf3 26. gxf6 Bxg4 27. fxg7 $132) 23. Kh1 c4 (23... Rxd5 24. Rxa7 Be5
25. Nxd5 Bxd5 26. Qxd5 Nxd5 27. Rxc7 $18) 24. Rxa7 Be5 25. Rd1 $132) 22...
Bxh2+ 23. Kf1 a6 $1 {Simple and atrong.} 24. axb5 axb5 25. Ng4 ({Or} 25. h5 Be5
26. h6 g6 $17 {[%csl Rc1,Rf1] It is difficult for White to develop his
queenside because the Pd5 is weak.}) 25... Nxg4 26. Qxg4 Bxd5 27. Bxh7+ $2 $19
{Decisive mistake.} ({It was necessary to sacrifice exchange:} 27. Rxd5 Rxd5
28. Bxh7+ Kh8 (28... Kxh7 29. Qe4+ g6 30. Qxd5 Rd8 31. Qg5 $15) 29. Be4 Re5 30.
Bg5 $17) 27... Kxh7 28. Rxd5 ({Or} 28. Qh5+ Kg8 29. Rxd5 Qb7 $19) 28... Qc6 $1
{Stronger} ({than} 28... Rxd5 29. Qe4+ $17 {-see above.}) 29. Qh5+ (29. Rh5+
Kg8 30. f3 Rd1+ 31. Kf2 g6 $19) 29... Kg8 30. Rxd8 Qh1+ 31. Ke2 Rxd8 0-1